[Event "ESP"]
[Site "?"]
[Date "1992.??.??"]
[Round "?"]
[White "Illescas Cordoba, M."]
[Black "Hoffman, A."]
[Result "1-0"]
[WhiteElo "2600"]
[BlackElo "2425"]
[PlyCount "81"]
[EventDate "1992.??.??"]
[Source "www.chesslib.no"]
[SourceDate "2004.05.04"]

1. Nf3 Nf6 2. c4 d6 3. d4 Nbd7 4. Nc3 c6 5. e4 e5 6. Be2 Be7 7. O-O O-O 8. Re1 Qc7 9. Bf1 a6 10. a3 b5 11. Bg5 Bb7 12. Rc1 Qb8 13. Rc2 h6 14. Bc1 Re8 15. dxe5 dxe5 16. Nh4 Nf8 17. Nf5 Ne6 18. Be3 Bf8 19. Qf3 Nh7 20. Rd2 Bc8 21. Qg3 Kh8 22. Red1 Qc7 23. h4 Rb8 24. b4 Nf4 25. Qf3 g6 26. Nd6 Bxd6 27. Rxd6 Kg7 28. Bxf4 exf4 29. Qxf4 Be6 30. Qe5+ Kg8 31. Qc5 Rbc8 32. cxb5 cxb5 33. Qxc7 Rxc7 34. Nd5 Bxd5 35. exd5 Ra8 36. Rc6 Rd7 37. g3 Kg7 38. Bh3 Rdd8 39. d6 h5 40. d7 f5 41. Rdd6 1-0

[Event "Bor"]
[Site "Bor"]
[Date "1977.??.??"]
[Round "?"]
[White "Raicevic, Vladimir"]
[Black "Quinteros, Miguel A"]
[Result "1-0"]
[WhiteElo "2470"]
[BlackElo "2555"]
[PlyCount "75"]
[EventDate "1977.??.??"]
[Source "www.chesslib.no"]
[SourceDate "2004.05.04"]

1. c4 Nf6 2. Nc3 e5 3. Nf3 d6 4. d4 Nbd7 5. g3 c6 6. e4 Be7 7. Bg2 O-O 8. O-O Re8 9. h3 a6 10. a4 a5 11. Be3 Bf8 12. Qc2 exd4 13. Nxd4 Nc5 14. Rad1 Qb6 15. Rfe1 Qb4 16. b3 Qb6 17. f4 Bd7 18. Bf2 Rad8 19. g4 Bc8 20. e5 Nfd7 21. e6 fxe6 22. Nxe6 Rxe6 23. Rxe6 Ne5 24. Ne4 Bxe6 25. Ng5 Ng6 26. Nxe6 Re8 27. f5 Ne5 28. Bxc5 dxc5 29. Qc3 Rxe6 30. fxe6 Qc7 31. Re1 Bd6 32. g5 Ng6 33. Kh1 Be5 34. Qd3 Qe7 35. Qd7 Bd4 36. h4 h5 37. Be4 Qf8 38. Qf7+ 1-0

[Event "Ruhr-chS 5th"]
[Site "?"]
[Date "1998.??.??"]
[Round "8"]
[White "Kosten, Anthony"]
[Black "Hoffmann Regis"]
[Result "1-0"]
[WhiteElo "2485"]
[BlackElo "2540"]
[PlyCount "93"]
[EventDate "1998.??.??"]
[Source "www.chesslib.no"]
[SourceDate "2004.05.04"]

1. d4 d6 2. Nf3 Nf6 3. c4 Nbd7 4. Nc3 c6 5. e4 e5 6. Be2 Be7 7. O-O O-O 8. Qc2 a6 9. Rd1 Qc7 10. Rb1 b5 11. b4 Bb7 12. dxe5 Nxe5 13. Nxe5 dxe5 14. Be3 Rac8 15. a4 a5 16. c5 axb4 17. Rxb4 Nd7 18. Bg4 Rcd8 19. Rxd7 Rxd7 20. Bxd7 Qxd7 21. axb5 cxb5 22. Rxb5 Bc6 23. Rb6 Ra8 24. h3 h6 25. Qb3 Bd8 26. Rb8 Rxb8 27. Qxb8 Kh7 28. Qb1 Kg8 29. Kh2 Ba5 30. Ne2 Qb7 31. Qa2 Bd8 32. f3 Bh4 33. Nc3 Kh7 34. Qd2 Qb4 35. Nd5 Qc4 36. Nb6 Qb3 37. Nc8 Qe6 38. Na7 Be8 39. Qd5 Qe7 40. Nc6 Qc7 41. Nb4 Be7 42. Qa8 Bb5 43. Nd5 Qd7 44. Qb8 Bc6 45. Qxe5 Bd8 46. Bd4 f5 47. Nb4 1-0

[Event "BL9697 Empor"]
[Site "BL9697 Erfurt-Empor"]
[Date "1996.??.??"]
[Round "?"]
[White "Lobron, Eric"]
[Black "Casper, Thomas"]
[Result "1-0"]
[WhiteElo "2590"]
[BlackElo "2435"]
[PlyCount "65"]
[EventDate "1996.??.??"]
[Source "www.chesslib.no"]
[SourceDate "2004.05.04"]

1. d4 Nf6 2. Nf3 d6 3. c4 Nbd7 4. Nc3 e5 5. e4 Be7 6. Be2 O-O 7. O-O c6 8. Be3 exd4 9. Nxd4 d5 10. exd5 cxd5 11. Ndb5 Nb6 12. Bf4 Be6 13. Nc7 Rc8 14. cxd5 Nfxd5 15. N3xd5 Nxd5 16. Nxe6 fxe6 17. Bg3 Qb6 18. Bg4 Bc5 19. Qb3 Rfe8 20. Qxb6 Bxb6 21. Rfe1 Kf7 22. Re2 Bc7 23. Rc1 Bd8 24. Rd2 Bb6 25. Kh1 Nb4 26. Bd6 Rh8 27. Bxb4 Bc7 28. Rdc2 b6 29. Rd1 Bf4 30. Re1 e5 31. Rc3 Rb8 32. Rf3 g6 33. Rfe3 1-0

[Event "Western Canadian Ope"]
[Site "Western Canadian Ope"]
[Date "1981.??.??"]
[Round "9"]
[White "Miles, Anthony J"]
[Black "Day, Lawrence A"]
[Result "1/2-1/2"]
[WhiteElo "2590"]
[BlackElo "2430"]
[PlyCount "34"]
[EventDate "1981.??.??"]
[Source "www.chesslib.no"]
[SourceDate "2004.05.04"]

1. d4 Nf6 2. c4 d6 3. Nf3 Nbd7 4. Nc3 e5 5. e4 Be7 6. Be2 O-O 7. O-O c6 8. h3 a6 9. Be3 b5 10. a3 Bb7 11. Qc2 Qc7 12. Rac1 Rac8 13. Rfd1 Rfe8 14. Qb1 Qb8 15. dxe5 dxe5 16. b4 Nf8 17. a4 c5 1/2-1/2

[Event "7th Stage Russian Cup, Togliatty RUS"]
[Site "?"]
[Date "2001.??.??"]
[Round "6"]
[White "Popov, Val"]
[Black "Akhmetov, A."]
[Result "1/2-1/2"]
[WhiteElo "2555"]
[BlackElo "2465"]
[PlyCount "135"]
[EventDate "2001.??.??"]
[Source "www.chesslib.no"]
[SourceDate "2004.05.04"]

1. d4 Nf6 2. c4 d6 3. Nf3 Nbd7 4. Nc3 e5 5. e4 Be7 6. Be2 O-O 7. O-O c6 8. Be3 Ng4 9. Bd2 Qe8 10. d5 Bd8 11. b4 cxd5 12. cxd5 a6 13. Ne1 Ngf6 14. Nc2 Bb6 15. Rc1 Qe7 16. Ne3 Ne8 17. a4 g6 18. a5 Bd4 19. Bd3 Ng7 20. Ne2 Ba7 21. Ng3 h5 22. Kh1 h4 23. Ne2 f5 24. f3 Nf6 25. exf5 gxf5 26. Rxc8 Raxc8 27. Nxf5 Qd7 28. Nh6+ Kh8 29. Qe1 h3 30. Qh4 hxg2+ 31. Kxg2 Nfh5 32. Ng3 Qe8 33. Qe4 Nf6 34. Qh4 Nfh5 35. Kh1 Nxg3+ 36. Qxg3 e4 37. Bb1 Rc4 38. Ng4 Qg6 39. Qh4+ Qh5 40. Qe7 Re8 41. Qxd6 Qh3 42. Qh6+ Qxh6 43. Bxh6 exf3 44. Nf6 Re5 45. d6 Rh4 46. Rc1 Rc4 47. Rf1 Nh5 48. Bd3 Rd4 49. Rg1 Ng3+ 50. hxg3 f2 51. Rc1 Re1+ 52. Bf1 Rxc1 53. Bxc1 Rd1 54. Kg2 Rxc1 55. d7 Rd1 56. Be2 Rd4 57. b5 axb5 58. Bxb5 Kg7 59. Ng4 Kf7 60. Kf3 Rxd7 61. Nxf2 Rd2 62. Ne4 Rb2 63. a6 Ke7 64. Be2 b5 65. g4 b4 66. g5 b3 67. Bc4 Rb1 68. Nd2 1/2-1/2

[Event "Team Ch"]
[Site "?"]
[Date "1997.??.??"]
[Round "1"]
[White "Horvath Jozsef"]
[Black "Blagojevic Dragisa"]
[Result "1/2-1/2"]
[WhiteElo "2535"]
[BlackElo "2485"]
[PlyCount "55"]
[EventDate "1997.??.??"]
[Source "www.chesslib.no"]
[SourceDate "2004.05.04"]

1. c4 c6 2. e4 e5 3. Nf3 d6 4. d4 Nd7 5. Nc3 Ngf6 6. Be2 Be7 7. O-O O-O 8. Be3 a6 9. d5 cxd5 10. cxd5 Ne8 11. Qd2 Ndf6 12. Qc2 Ng4 13. Bd2 f5 14. exf5 Bxf5 15. Qb3 Qd7 16. h3 Ngf6 17. Nxe5 dxe5 18. d6+ Be6 19. Bc4 Qxd6 20. Qa4 Nd5 21. f3 Qd7 22. Kf2 Qc7 23. Be1 Rc8 24. Be2 e4 25. Bd1 Qxc3 26. Kg1 Qe5 27. Qb5 Ra8 28. Qxd5 1/2-1/2